Islam / (Record no. 18652)
[ view plain ]
| 000 -LEADER | |
|---|---|
| fixed length control field | 00709cam a2200241u 4500 |
| 001 - CONTROL NUMBER | |
| control field | 9375442 |
| 003 - CONTROL NUMBER IDENTIFIER | |
| control field | BDDh-ASL |
| 005 - DATE AND TIME OF LATEST TRANSACTION | |
| control field | 20231015025723.0 |
| 008 - FIXED-LENGTH DATA ELEMENTS--GENERAL INFORMATION | |
| fixed length control field | 821029t19631962nyuab 000 0 eng |
| 010 ## - LIBRARY OF CONGRESS CONTROL NUMBER | |
| LC control number | 62012740 |
| 040 ## - CATALOGING SOURCE | |
| Original cataloging agency | DLC |
| Transcribing agency | CarP |
| Modifying agency | BDDh-ASL |
| 050 00 - LIBRARY OF CONGRESS CALL NUMBER | |
| Classification number | BP50 |
| Item number | .S693 1963 |
| 082 ## - DEWEY DECIMAL CLASSIFICATION NUMBER | |
| Classification number | 297.01 |
| Item number | SOI |
| 100 1# - MAIN ENTRY--PERSONAL NAME | |
| Personal name | Sourdel, Dominique. [from old catalog] |
| 245 00 - TITLE STATEMENT | |
| Title | Islam / |
| Statement of responsibility, etc. | by Dominique Sourdel. |
| 246 ## - VARYING FORM OF TITLE | |
| Title proper/short title | Docteur es lettres, translated by Douglas Scott |
| 260 ## - PUBLICATION, DISTRIBUTION, ETC. | |
| Place of publication, distribution, etc. | New York: |
| Name of publisher, distributor, etc. | Walker, |
| Date of publication, distribution, etc. | [1963, c1962] |
| 300 ## - PHYSICAL DESCRIPTION | |
| Extent | 155 p. |
| Other physical details | map, diagrs. |
| Dimensions | 21 cm. |
| 650 #0 - SUBJECT ADDED ENTRY--TOPICAL TERM | |
| Topical term or geographic name entry element | Islam. |
| 700 1# - ADDED ENTRY--PERSONAL NAME | |
| 9 (RLIN) | 1506 |
| Personal name | Scott, Douglas |
| 906 ## - LOCAL DATA ELEMENT F, LDF (RLIN) | |
| a | 0 |
| b | cbc |
| c | premunv |
| d | u |
| e | ncip |
| f | 19 |
| g | y-gencatlg |
| 942 ## - ADDED ENTRY ELEMENTS (KOHA) | |
| Source of classification or shelving scheme | Dewey Decimal Classification |
| Koha item type | Books |
| Withdrawn status | Lost status | Source of classification or shelving scheme | Damaged status | Not for loan | Collection code | Home library | Current library | Shelving location | Date acquired | Source of acquisition | Total Checkouts | Full call number | Barcode | Date last seen | Copy number | Price effective from | Koha item type |
|---|---|---|---|---|---|---|---|---|---|---|---|---|---|---|---|---|---|
| Dewey Decimal Classification | Non-fiction | Asiatic Society Library | Asiatic Society Library | General Stacks | 10/18/2020 | Donated by Professor Husniara Huq | 297.01 SOI | 101859 | 10/18/2020 | C-1 | 10/18/2020 | Books |